Predictor de saltos para el procesador de gráficos THEIA
Salvato in:
| Autore principale: | |
|---|---|
| Natura: | Libro |
| Lingua: | Spanish |
| Pubblicazione: |
[San José, Costa Rica]
[2012?]
|
| Soggetti: | |
| Tags: |
Aggiungi Tag
Nessun Tag, puoi essere il primo ad aggiungerne!!
|
MARC
| LEADER | 00000nam a22000007a 4500 | ||
|---|---|---|---|
| 003 | 011733 | ||
| 005 | 20230622145630.0 | ||
| 008 | 151001b2012 cr a|||| |||| 00| 0 spa d | ||
| 040 | |c cru CEDI | ||
| 090 | |a TFG 6903 | ||
| 100 | |9 1247 |a Villalobos Montero, Jorge | ||
| 245 | |a Predictor de saltos para el procesador de gráficos THEIA | ||
| 260 | |a [San José, Costa Rica] |c [2012?] | ||
| 500 | |a Proyecto de graduación (bachillerato en ingeniería eléctrica)--Universidad de Costa Rica. Facultad de Ingeniería. Escuela de Ingeniería Eléctrica | ||
| 650 | |x SISTEMAS DE TRANSMISION DE DATOS |x SISTEMAS DE TELECOMUNICACION |x PROCESAMIENTO DE IMAGENES |9 755 | ||
| 942 | |c CEDI |h TFG 6903 |i 011733 |6 TFG_6903_011733000000000 | ||
| 999 | |c 14042 |d 14042 | ||
